Responses for Show #6171 - Monday, June 13, 2011

Contestants

[<< previous game]

Daniel Trudeau, a communications associate from Brooklyn, New York

Nick Condon, a research chemist originally from Lakewood, Colorado

Amy Larimer, a fish and wildlife technician from Corpus Christi, Texas (whose 1-day cash winnings total $11,799)

[next game >>]

Jeopardy! Round responses

BIRTH OF A FIRST LADY
CONSONANT, VOWEL, CONSONANT, VOWEL
(Alex: Each correct response--four letters only, in that order.)
FOOD "E"
NATIONAL PARKS A-Z
STAR TRACK
ENTERPRISE
    $200 4
Martha Washington

Nick
    $200 30
a babe

Amy
    $200 28
eel

Nick
    $200 1
Arches

Nick
    $200 14
Gwyneth Paltrow

Daniel
    $200 27
Starbucks

Amy
    $400 7
Michelle Obama

Nick
    $400 29
a silo

Nick
    $400 25
Edam

Daniel
    $400 10
Badlands

Daniel
    $400 15
Drew Carey

Amy
    $2,500 26
Yahoo!

Daniel
    $600 5
(Nick: Who is Barbara Bush?)

Lady Bird Johnson

NickDaniel
    $600 19
Coco

Nick
    $600 22
an enchilada

Nick
    $600 11
(Amy: What is Gila?)

Grand Canyon

AmyDaniel
    $600 2
Carol Burnett

Triple Stumper
    $600 8
Sam's Club

Daniel
    $800 6
Mary Todd Lincoln

Amy
    $800 20
ziti

Nick
    $800 23
an eclair

Nick
    $800 12
Sequoia

Daniel
    $800 3
Harrison Ford

Daniel
    $800 17
Southwest

Daniel
    $1000 9
Grace Coolidge

Triple Stumper
    $1000 21
gape

Nick
    $1000 24
étoufée

Nick
    $1000 13
Zion

Amy
    $1000 16
[Alex reads "SNL" as "Saturday Night Live".]

Drew Barrymore

Daniel
    $1000 18
Smucker's

Nick

Scores at the first commercial break (after clue 15):

Amy Nick Daniel
$1,600 $200 $4,000

Scores at the end of the Jeopardy! Round:

Amy Nick Daniel
$2,000 $6,600 $8,700

Double Jeopardy! Round responses

ITALIAN LITERATURE
MUSICAL FILL IN THE BLANK
WHO KILLED ME?
E BEFORE I
YOU'RE EXCOMMUNICATED
THAT'S LIFE SCIENCE
    $400 19
Dante

Daniel
    $400 30
Millie

Nick
    $400 7
video

Amy
    $400 21
foreign

Daniel
    $400 29
the mass

Nick
    $400 1
shrimp

Nick
    $800 20
the sonnet

Nick
    $800 25
Flower

Amy
    $800 6
Richard III

Triple Stumper
    $800 27
counterfeit

Amy
    $800 28
Amsterdam

Nick
    $800 8
an amoeba

Nick
    $1200 2
The Prince

Nick
    $1200 11
Greasepaint

Amy
    $1200 4
Hector

Daniel
    $1200 13
veins

Triple Stumper
    $1200 15
(Juan) Perón

Daniel
    $1200 9
photosynthesis

Daniel
    $1600 3
bread & wine

Nick
    $1600 24
(Amy: What is Brazil?)

Syracuse

Amy
Triple Stumper
    $1600 5
(Alex: The lady with the knife--[*]--stabbed him in the bath.)

Charlotte Corday

Triple Stumper
    $1600 14
Brunei

Nick
    $1600 16
Elizabeth I

Nick
    $1600 12
a beetle

Nick
    $2000 26
an Anarchist

Daniel
    $2000 23
Shade

Amy
    $2000 10
Bob

Nick
    $2000 22
weird

Amy
    $5,000 17
(William of) Ockham

Nick
    $5,000 18
the ulna & the radius

Nick

Scores at the end of the Double Jeopardy! Round:

Amy Nick Daniel
$7,600 $29,800 $15,100

[wagering suggestions for these scores]

Final Jeopardy! Round responses

SHOW BUSINESS FAMILIES
AmyWho is Francis Ford Copolla
$7,600
DanielWho is Francis Ford Coppola
$15,000
NickWho is Francis Ford Coppola
$401
Francis Ford Coppola

Final scores:

Amy Nick Daniel
$15,200 $30,201 $30,100
3rd place: $1,000 New champion: $30,201 2nd place: $2,000

Game dynamics:

Coryat scores:

Amy Nick Daniel
$7,600 $23,800 $13,000
11 R,
2 W
26 R
(including 2 DDs),
1 W
17 R
(including 1 DD),
0 W

Combined Coryat: $44,400

[game clues] [game scores] [suggest correction]

Game tape date: 2011-02-23
The J! Archive is created by fans, for fans. Scraping, republication, monetization, and malicious use prohibited; this site may use cookies and collect identifying information. See terms. The Jeopardy! game show and all elements thereof, including but not limited to copyright and trademark thereto, are the property of Jeopardy Productions, Inc. and are protected under law. This website is not affiliated with, sponsored by, or operated by Jeopardy Productions, Inc. Join the discussion at JBoard.tv.